Child development & personality

Сохранить в:
Библиографические подробности
Главный автор: Paul Henry Mussen
Формат:
Язык:Undetermined
Опубликовано: NewYork Harper & Row Publishers 1974
Предметы:
Метки: Добавить метку
Нет меток, Требуется 1-ая метка записи!
Thư viện lưu trữ: Trung tâm Học liệu Trường Đại học Cần Thơ
LEADER 00519nam a2200181Ia 4500
001 CTU_24107
008 210402s9999 xx 000 0 und d
082 |a 155.418 
082 |b M989 
100 |a Paul Henry Mussen 
245 0 |a Child development & personality 
245 0 |c Paul Henry Mussen, John Janeway Conger 
260 |a NewYork 
260 |b Harper & Row Publishers 
260 |c 1974 
650 |a child psychology 
904 |i Thương, 980402 
980 |a Trung tâm Học liệu Trường Đại học Cần Thơ